Movies Quiz

Random Movies or Famous Quiz

Movie Trilogies Quiz Stats

 Plays Quiz not verified by Sporcle

Challenge
Share
Tweet
Embed
Score 0/34 Timer 08:00
0 Plays Today
Years Released Trilogy % Correct
2001,2002,2003Lord of the Rings
96.6%
1999,2003,2003The Matrix
92.8%
2002,2004,2007Spider Man
92.1%
1997,1999,2002Austin Powers
90.3%
2002,2004,2007The Bourne Identity
89.3%
1972.1974,1990The Godfather
89.1%
1985,1989,1990Back to the Future
88.5%
2000,2003,2006X-Men
87.6%
1996,2000,2006Mission: Impossible
86.7%
2001,2004,2007Oceans Eleven
85.5%
1977,1980,1983Star Wars
83.5%
1999,2001,2008The Mummy
76.3%
1999,2001,2003American Pie
75.7%
1998,2001,2007Rush Hour
74%
1998,2002,2004Blade
73%
1984,1987,1994Beverly Hills Cop
69%
1994,2002,2006The Santa Clause
68.4%
Years Released Trilogy % Correct
1988,1991,1994Naked Gun
65.5%
1996,1997,2000Scream
64.8%
2002,2006,2009Ice Age
63.4%
2002,2005,2008The Transporter
61.4%
2002,2004,2007Resident Evil
53.8%
1993,1997,2001Jurassic Park
53.5%
1995,2000,2002Friday
52.4%
1986,1988,2001Crocodile Dundee
48.2%
1989,1990,1993Look Who's Talking
37.4%
1989,1994,1998Major League
28.6%
1992,1994,1996Mighty Ducks
28.1%
1987,1990,1993Robocop
26.1%
1982,1986,1988Poltergeist
20.3%
1976,1977,1978Bad News Bears
18.3%
1993,1996,1997Free Willy
17.8%
1973,1977,1990The Exorcist
14.7%
1982,1983,1985Porky's
14%

You're not logged in!

Compare scores with friends on all Sporcle quizzes.
Join for Free
OR
Log In

You Might Also Like...

Show Comments

Extras

Created May 17, 2010ReportNominate
Tags:Famous Quiz, released, trilogy

Top Quizzes Today


Score Distribution

Your Account Isn't Verified!

In order to create a playlist on Sporcle, you need to verify the email address you used during registration. Go to your Sporcle Settings to finish the process.

Report this User

Report this user for behavior that violates our Community Guidelines.

Details: